000 00494cam a2200205ua 4500
001 7678
005 20260515114238.0
008 141220n ii |||gr||||Z||||||asm
040 _cMAIN
041 _aasm
082 _a346.07
100 _aKokoty, P. S.,
_eAuthor.
245 1 _aBanijyik ain :
_bVol 1 /
_cBy Prafulla Sarma Kokoty .
250 _a2nd.
260 _aGuwahati:
_bPublication,
_c1993.
300 _a256p.
653 _aPrivate law
653 _aCommercial law
942 _cBK
999 _c6795
_d6795